Sociálna kohézia ako nástroj odstraňovania disparít v spoločnosti recenzovaný nekonferenčný zborník

Saved in:
Bibliographic Details
Corporate Author: Národohospodárska fakulta EU. Katedra sociálneho rozvoja a práce
Other Authors: Klimko, Roman, 1985-, Tkáč, Miroslav, 1987-, Martincová, Marta, 1955-, Frišták, Ján
Format: Book
Language:Slovak
English
Published: Bratislava Vydavateľstvo EKONÓM 2014
Subjects:
Tags: Add Tag
No Tags, Be the first to tag this record!

MARC

LEADER 00000nlm a2200000 4500
001 0184023
005 20240509102736.4
020 |a 978-80-225-3811-4 
041 0 |a slo 
041 0 |a eng 
044 |a SK 
245 1 0 |a Sociálna kohézia ako nástroj odstraňovania disparít v spoločnosti  |b recenzovaný nekonferenčný zborník  |c zostavovatelia: Roman Klimko, Miroslav Tkáč ; recenzenti: Marta Martincová, Ján Frišták 
264 1 |a Bratislava  |b Vydavateľstvo EKONÓM  |c 2014 
300 |a CD-ROM [182 s.] 
610 2 0 |a politika sociálna 
610 2 0 |a kohézia 
610 2 0 |a zamestnanosť 
610 2 0 |a nezamestnanosť 
610 2 0 |a nerovnosť sociálna 
700 1 |a Klimko, Roman, 1985- 
700 1 |a Tkáč, Miroslav, 1987- 
700 1 |a Martincová, Marta, 1955- 
700 1 |a Frišták, Ján 
710 2 |a Národohospodárska fakulta EU. Katedra sociálneho rozvoja a práce